000 00314nam a2200133Ia 4500
005 20260326100037.0
008 260326s9999||||xx |||||||||||||| ||und||
100 _aSchapiro, Meyer
245 0 _aEstilo /
_cMeyer Schapiro
260 _bEdiciones 3
300 _a72 p.
650 _aARQUITECTURA-GENERAL
942 _cBK
999 _c6837
_d6837